Score 0/16 Timer 05:00
1 Play Today
Author Novel % Correct
Mary ShelleyFrankenstein; or, The Modern Prometheus
93.7%
Harper LeeTo Kill a Mockingbird
90.5%
J.R.R. TolkienThe Hobbit
86.7%
J.D. SalingerThe Catcher in the Rye
84.5%
J.K. RowlingHarry Potter and the Philosopher's Stone
79%
Robert Louis StevensonTreasure Island
75%
Joseph HellerCatch-22
73.6%
Charlotte BrontëJane Eyre
69.6%
Author Novel % Correct
Jane AustenSense and Sensibility
67.9%
H.G. WellsThe Time Machine
61.7%
Stephen KingCarrie
61.1%
Ralph EllisonInvisible Man
49.3%
Ken KeseyOne Flew Over the Cuckoo's Nest
47.5%
Arthur Conan DoyleA Study in Scarlet
34.3%
James JoyceA Portrait of the Artist as a Young Man
31.5%
Charles DickensThe Pickwick Papers
28.4%
Remove Ads.
Support Sporcle.
Get the best of Sporcle when you Go Orange. This ad-free experience offers more features, more stats, and more fun while also helping to support Sporcle. Thank you for becoming a member.

You're not logged in!

Compare scores with friends on all Sporcle quizzes.
OR
Log In

Show Comments

Extras

Top Quizzes Today


Score Distribution

Your Account Isn't Verified!

In order to create a playlist on Sporcle, you need to verify the email address you used during registration. Go to your Sporcle Settings to finish the process.

Report this User

Report this user for behavior that violates our Community Guidelines.

Details: